000 00478nam a2200193 a 4500
001 BRCA_6823
005 20190320205615.0
008 041111s1938----nyua######---#000-0#eng-#
041 _aeng
044 _anyu
050 4 _aSB413
_b.P55 B3
_c1933
245 1 0 _aThe garden of pinks
_bwith decorations
260 _aNueva York
_bThe Macmillan
_c1938
300 _a135 p.
_bil., 42 láminas
_c24 cm.
500 _aI156
650 1 4 _aRosas
_917019
902 _aGFM
942 _2lcc
_cB
999 _c6506
_d6506